|
|
|
|
| LEADER |
00000nkm a2200000 a 4500 |
| 001 |
vtls011823294 |
| 003 |
SK-MaSNL |
| 005 |
20260512122334.0 |
| 007 |
kp bo |
| 008 |
240703s1928 xo g kucze |
| 015 |
|
|
|a SNBG1928
|
| 035 |
|
|
|a urn:nbn:sk:snk-km00duza
|
| 035 |
|
|
|a urn:nbn:sk:snk-km3lt2p
|
| 035 |
|
|
|a 8CA915F1-0DFD-4759-A2B5-55DEBA33861A
|
| 040 |
|
|
|a SNK
|b slo
|c SNK
|e AACR2
|
| 041 |
0 |
|
|a cze
|
| 043 |
|
|
|a e-xo---
|
| 044 |
|
|
|a xo
|c SK
|
| 072 |
|
7 |
|a 913
|x Regionálna geografia
|2 konspekt
|
| 080 |
|
|
|a 913(437.6)
|2 2011
|
| 080 |
|
|
|a 904:72/7.025.21
|2 2011
|
| 080 |
|
|
|a 904(084.121)
|2 2011
|
| 080 |
|
|
|a 728.81
|2 2011
|
| 245 |
0 |
0 |
|a Strečno od Jihu
|h grafika
|
| 260 |
|
|
|a Žilina
|b O. Trávníček
|c 1928
|e Praha
|f Fotofon
|
| 300 |
|
|
|a 1 pohľadnica
|b čiernobiela
|c 9 x 14 cm
|
| 500 |
|
|
|a Názvové údaje prevzaté z obrazovej časti pohľadnice
|
| 520 |
8 |
|
|a Zobrazenie: V bielom orámovaní pohľad na zrúcaninu hradu na skale, v pozadí sú zasnežené kopce
|
| 610 |
1 |
7 |
|a Strečno (Slovensko : hrad)
|2 SNKKA
|9 32470
|
| 650 |
0 |
7 |
|a hrady
|2 SNKPH
|9 3039
|
| 650 |
0 |
7 |
|a národné kultúrne pamiatky
|2 SNKPH
|9 31192
|
| 650 |
0 |
7 |
|a zrúcaniny historických objektov
|2 SNKPH
|9 105150
|
| 651 |
|
7 |
|a Strečno (Slovensko)
|2 SNKPHgeo
|9 59373
|
| 655 |
|
7 |
|a miestne pohľadnice
|2 SNKPH
|9 70510
|
| 655 |
|
7 |
|a pohľadnice kultúrnych pamiatok
|2 SNKPH
|9 70523
|
| 852 |
|
|
|a Slovenská národná knižnica
|
| 958 |
|
|
|a EUIPO
|
| 958 |
|
|
|a GBN
|
| 958 |
|
|
|a GC
|
| 958 |
|
|
|a OND
|
| 999 |
|
|
|c 600243
|d 602173
|
| 952 |
|
|
|a SNK
|b SNK
|y PREZ
|7 0
|p 17A1295689
|o snkSP 139287
|i snk1533/88
|z Pohľadnica prešla poštou.
|0 0
|1 0
|4 0
|d 2018-11-16
|f 1
|l 0
|r 2026-02-23 15:52:04
|w 2026-02-23
|